000 00213nam a22000857a 4500
008 160704b xxu||||| |||| 00| 0 eng d
100 _92044
_a Kapoor, R.K
245 _aCare of your Eyes
260 _aNew Delhi
_bUBS
_c1998
999 _c1744
_d1744